00587nam a2200181Ia 4500003000900000008004100009020002200050040001600072080001200088100002100100245013300121260002500254300001600279650001400295650004300309650002000352650003300372IN-BaIIA211028s9999 xx 000 0 eng d a978-3-319-18850-8 cIIA Library a52bJEN aJenkins, Darrell 0aFirst light and beyondbtheir selection, location, and significancecDarrell Jenkins  aChambSpringerc2015 axiii, 300p. aAstronomy aAstronomy, observations and techniques aPopular science aPopular science in astronomy